000 00354nam a22001217a 4500
999 _c10158
_d10158
003 OSt
008 201218b ||||| |||| 00| 0 eng d
245 _aJournal of Information and Optimization Sciences
250 _a2011(Jul Vol.32 No.4)
260 _aNew Delhi
_bTaru Publications
650 _aElectronics and Communication Engineering
942 _2ddc
_cBV